Stav podnikateľského prostredia v krajinách V4

Zdravé podnikateľské prostredie pre motiváciu ľudí k podnikaniu a k zabezpečeniu dlhodobej konkurencieschopnosti krajiny. Umožnenie efektívnej súťaže podnikateľov. Hodnotenie kvality regulácie podnikateľského prostredia v krajinách Vyšegrádskej štvorky (V4).

Salvato in:
Dettagli Bibliografici
Autore principale: Veselková, Alexandra
Natura: Capitolo di libro
Lingua:slovacco
Soggetti:
Tags: Aggiungi Tag
Nessun Tag, puoi essere il primo ad aggiungerne!!

MARC

LEADER 00000nla$a2200000$$$4500
001 0076352
005 20240502071907.7
041 0 |a slo 
044 |a SK 
245 1 0 |a Stav podnikateľského prostredia v krajinách V4  |c Alexandra Veselková 
520 |a Zdravé podnikateľské prostredie pre motiváciu ľudí k podnikaniu a k zabezpečeniu dlhodobej konkurencieschopnosti krajiny. Umožnenie efektívnej súťaže podnikateľov. Hodnotenie kvality regulácie podnikateľského prostredia v krajinách Vyšegrádskej štvorky (V4). 
610 2 0 |a prostredie podnikateľské 
610 2 0 |a Vyšehradská štvorka 
610 2 0 |a konkurencieschopnosť 
610 2 0 |a podnikanie 
100 1 |a Veselková, Alexandra